| 000 | 00895nam a2200193 a 4500 | ||
|---|---|---|---|
| 001 | 52182 | ||
| 005 | 20180714041928.0 | ||
| 008 | 140415s1992 xxu 000 0 eng d | ||
| 020 | _a0070468818 | ||
| 041 | _aeng | ||
| 082 |
_a621.8672 _bNAY |
||
| 100 | 1 | _aNAYYAR, MOHINDER L. | |
| 245 | 1 | 0 | _aPIPING HANDBOOK |
| 250 | _a6a ed. | ||
| 260 |
_aESTADOS UNIDOS DE AMERICA : _bMCGRAW-HILL INC., _c1992 |
||
| 300 |
_a622 _c15.5 x 6.7 x 23.4 |
||
| 520 | _aWHILE UNDERTAKING THE PREPARATION OF THE SIXTH EDITION OF THE PIPING HANDBOOK, WE PLANNED TO REORGANIZE THE CONTENTS TO TRY TO MEET THE NEEDS OF THE PRESENT AND FUTURE USERS OF THIS HANDBOOK. WE APPLIED OUR ENERGIES TOWARD THIS MAIN OBJECTIVED TO ENHANCE THE UTILITY OF THIS HANDBOOK BY FOCUSING ON APPROACHES DEALING WITH PRACTICAL ASPECTS OF PIPING IN INDUSTRIAL AND COMMERCIAL APPLICATIONS. | ||
| 650 | 1 | 4 |
_aTUBERIAS _xMANUAL |
| 999 |
_c52182 _d52182 |
||